Thực hành tiết kiệm chống tham ô lãng phí, chống bệnh quan liêu

Cuốn sách bao gồm những bài viết, bài nói ... của Bác Hồ về vấn đề tiết kiệm, chống tham ô, lãng phí và quan liêu được trích từ "Hồ Chí Minh toàn tập"

Saved in:
Bibliographic Details
Main Author: Hồ, Chí Minh
Format: Book
Language:Undetermined
Published: Thành phố Hồ Chí Minh Trẻ 2007
Subjects:
Tags: Add Tag
No Tags, Be the first to tag this record!
Institutions: Trung tâm Học liệu Trường Đại học Cần Thơ
LEADER 00884nam a2200217Ia 4500
001 CTU_125890
008 210402s9999 xx 000 0 und d
020 |c 8000 
082 |a 172 
082 |b M312 
100 |a Hồ, Chí Minh 
245 0 |a Thực hành tiết kiệm chống tham ô lãng phí, chống bệnh quan liêu 
245 0 |c Hồ Chí Minh 
260 |a Thành phố Hồ Chí Minh 
260 |b Trẻ 
260 |c 2007 
520 |a Cuốn sách bao gồm những bài viết, bài nói ... của Bác Hồ về vấn đề tiết kiệm, chống tham ô, lãng phí và quan liêu được trích từ "Hồ Chí Minh toàn tập" 
650 |a Political ethics,Ho Chi Minh 
650 |x Biography 
904 |i Quang Hiếu 
980 |a Trung tâm Học liệu Trường Đại học Cần Thơ